000 00505nam a2200169Ia 4500
008 240729s9999 xx 000 0 und d
022 _a1916-8128
245 0 _aJournal of Unschooling and Alternative Learning
260 _aCanada
260 _bNipissing University
650 _a Special aspects of education | Education
650 _a Theory and practice of education
650 _aEducation
856 _uhttps://doaj.org/toc/b5955360535f4851bf2eaf2a3885d3da
942 _2ddc
942 _cDOAJEJ
999 _c66188
_d66188
945 _a1
_bMadushi Gamage
_c1
_dMadushi Gamage